000 00515nam a2200217Ia 4500
003 OSt
005 20221005124036.0
006 a|||||r|||| 00| 0
007 ta
008 221004b |||||||| |||| 00| 0 tam d
024 _a51192
037 _cTextual
040 _aCRL
_cCRL
_btam
041 _2tam
_atam
082 _aO44,3x, 31K7
245 0 _aMarru kadaigal thoguppu
260 _c1967
650 _aINDIAN FICTION
942 _hO44,3x, 31K7
_cTEXL
_2cc
999 _c1049277
_d1049277